[Event "Hastings Masters 2016-17"]
[Site "Hastings ENG"]
[Date "2017.01.05"]
[Round "9.41"]
[White "Reher, Wolfgang"]
[Black "Kearsley, Raymond J"]
[Result "1-0"]
[WhiteElo "1832"]
[BlackElo "1718"]
[WhiteFideId "12939951"]
[BlackFideId "470562"]
[EventDate "2016.12.28"]

1. f4 Nf6 2. Nf3 g6 3. e3 Bg7 4. b3 O-O 5. Bb2 d6 6. g3 Nbd7 7. Bg2 c6 8. O-O
Nc5 9. Qe1 Bf5 10. d3 Bxd3 11. Rf2 Bxc2 12. Rxc2 Nd3 13. Qd2 Nxb2 14. Nc3 Qa5
15. Nd4 e5 16. Nde2 exf4 17. exf4 Rfe8 18. Rb1 Qc5+ 19. Kh1 Qh5 20. Rbxb2 Ng4
21. h3 Ne3 22. Rc1 d5 23. Ng1 Nxg2 24. Kxg2 d4 25. Nce2 d3 26. Nc3 Rad8 27. Rbb1
Bd4 28. Re1 Rxe1 29. Rxe1 Bxc3 30. Qxc3 d2 31. Nf3 d1=Q 32. Rxd1 Rxd1 33. Qe3
Qd5 34. g4 Qb5 35. f5 1-0